000
00313nam a2200121 a 4500
005
20140414132054.0
008
110714s19uu xx 00 eng d
050
_a
FIL
_b
P11 2004
100
_a
Pacis, Carla
245
_a
Hipon and biyaya.
260
_a
Manila Philippines :
_b
Adarna House,
_c
2004.
999
_c
114270
_d
114270